El apostolado rural (Record no. 25148)

MARC details
000 -LEADER
campo de control de longitud fija 00726nam a2200205 i 4500
001 - NÚMERO DE CONTROL
campo de control 25148
003 - IDENTIFICADOR DE NÚMERO DE CONTROL
campo de control ES-MaACL
005 - FECHA Y HORA DE LA ÚLTIMA TRANSACCIÓN
campo de control 20230906153212.0
007 - CAMPO FIJO DE DESCRIPCIÓN FÍSICA--INFORMACIÓN GENERAL
campo de control de longitud fija t|
008 - DATOS DE LONGITUD FIJA--INFORMACIÓN GENERAL
campo de control de longitud fija 021220s1958 sp ||||1| spa d
245 03 - MENCIÓN DEL TÍTULO
Título El apostolado rural
Resto del título : una llamada de angustia del mundo rural.
260 ## - PUBLICACIÓN, DISTRIBUCIÓN, ETC.
Lugar de publicación, distribución, etc. Madrid :
Nombre del editor, distribuidor, etc. Euroamérica,
Fecha de publicación, distribución, etc. [1958] (
Fabricante Nebrija)
300 ## - DESCRIPCIÓN FÍSICA
Extensión 227 p. ;
Dimensiones 18 cm.
490 1# - MENCIÓN DE SERIE
Mención de serie Por un mundo mejor
500 ## - NOTA GENERAL
Nota general Precede a tít.: Secretario Nacional de Apostolado Rural de la Acción Católica Española.
710 2# - ENTRADA AGREGADA--NOMBRE DE ENTIDAD CORPORATIVA
Nombre de entidad corporativa o nombre de jurisdicción como elemento de entrada Secretariado Nacional de Apostolado Rural de la Acción Católica Española.
9 (RLIN) 6529
830 0# - PUNTO DE ACCESO ADICIONAL DE SERIE-TÍTULO UNIFORME
Título uniforme Por un mundo mejor
9 (RLIN) 182683
852 ## - LOCALIZACIÓN
Ubicación ES-MaACL
Número de control de estantería C-15199
Sublocalización o colección R.43025
Holdings
Estatus retirado Estado de pérdida Estado de daño No para préstamo Biblioteca de origen Biblioteca actual Ubicación en estantería Fecha de adquisición Fuente de adquisición Total de préstamos Signatura topográfica completa Código de barras Visto por última vez Precio de reemplazo Tipo de ítem Koha
        Biblioteca del Ateneo de Madrid Biblioteca del Ateneo de Madrid Ficheros 17/01/2008     C-15199 1025929 23/02/2023 23/02/2023 Libro impreso